Spécialités culinaires françaises - Statistiques

Statistiques générales
  • Ce quiz a été pris 225 fois
  • Le résultat moyen est 13 sur 16
Statistiques - réponses
Par images Réponse % Correct
Baguette
100%
Croissant
98%
Choucroute Alsacienne
97%
Fondue Savoyarde
95%
Quiche Lorraine
92%
Camembert
88%
Cassoulet
88%
Foie gras
88%
Tartiflette
83%
Tartare de bœuf
80%
Canelé bordelais
78%
Aligot d'Auvergne
76%
Escargots d'Auvergne
73%
Boeuf Bourguignon
64%
Bouillabaisse
58%
Galette Bretonne
54%
Aucun quiz correspondant
Distribution des résultats
% des personnes avec chaque résultat
Percentile par nombre de réponses
Votre historique - résultats
Vous n’avez pas pris ce quiz